|
|
|
|
| LEADER |
01583nam a2200361 i 4500 |
| 001 |
EBC5787107 |
| 003 |
MiAaPQ |
| 005 |
20200520144314.0 |
| 006 |
m o d | |
| 007 |
cr cnu|||||||| |
| 008 |
190626s1909 gw a o 000 0 ger d |
| 020 |
|
|
|z 9783111268989
|
| 020 |
|
|
|a 9783111652863 (e-book)
|
| 035 |
|
|
|a (MiAaPQ)EBC5787107
|
| 035 |
|
|
|a (Au-PeEL)EBL5787107
|
| 035 |
|
|
|a (OCoLC)1104713779
|
| 040 |
|
|
|a MiAaPQ
|b eng
|e rda
|e pn
|c MiAaPQ
|d MiAaPQ
|
| 050 |
|
4 |
|a BX4827.S3
|b .W555 1909
|
| 082 |
0 |
|
|a 193
|2 23
|
| 100 |
1 |
|
|a Willich, Ehrenfried von,
|d -1807,
|e author.
|
| 245 |
1 |
0 |
|a Aus Schleiermachers Hause :
|b Jugenderinnerungen seines Stiefsohnes /
|c Ehrenfried v. Willich.
|
| 264 |
|
1 |
|a Berlin :
|b Druck und Verlag von Georg Reimer,
|c 1909.
|
| 300 |
|
|
|a 1 online resource (iv, 220 pages) :
|b illustrations
|
| 336 |
|
|
|a text
|b txt
|2 rdacontent
|
| 337 |
|
|
|a computer
|b c
|2 rdamedia
|
| 338 |
|
|
|a online resource
|b cr
|2 rdacarrier
|
| 588 |
|
|
|a Description based on print version record.
|
| 590 |
|
|
|a Electronic reproduction. Ann Arbor, MI : ProQuest, 2018. Available via World Wide Web. Access may be limited to ProQuest affiliated libraries.
|
| 600 |
1 |
0 |
|a Schleiermacher, Friedrich,
|d 1768-1834.
|
| 655 |
|
4 |
|a Electronic books.
|
| 776 |
0 |
8 |
|i Print version:
|a Willich, Ehrenfried von, -1807.
|t Aus Schleiermachers Hause : Jugenderinnerungen seines Stiefsohnes.
|d Berlin : Druck und Verlag von Georg Reimer, 1909
|h iv, 220 pages
|z 9783111268989
|
| 797 |
2 |
|
|a ProQuest (Firm)
|
| 856 |
4 |
0 |
|u https://ebookcentral.proquest.com/lib/matrademy/detail.action?docID=5787107
|z Click to View
|